000 00646nam a2200241Ia 4500
003 OSt
005 20220918201324.0
006 a|||||r|||| 00| 0
007 ta
008 220917b |||||||| |||| 00| 0 eng d
024 _a93,123
037 _cTextual
040 _aARTS
_cARTS
_beng
041 _2eng
_aeng
082 _aV1:5.N7, M1
100 _aLevin Leah
_998124
245 0 _aHuman rights
_b Questions and and answers
260 _aParis
_bThe Unesco Press
_c1981
300 _a86p. illus
_ccm.
650 _aHUMAN RIGHTS; HISTORY
_94816
942 _hV1:5.N7, M1
_cTEXL
_2CC
999 _c216771
_d216771